000
00378nam a2200133Ia 4500
008
151001s9999||||xx |||||||||||||| ||und||
100
_a
गजानन जागीरदार
245
_a
अभिनय कसा करावा
250
_a
1
260
_b
इंडिया बुक कंपनी
260
_c
1983
300
_a
188
365
_b
21
999
_c
963685
_d
963682